000 01242nam a2200277Ia 4500
999 _c53619
_d53619
001 20666
003 GE_BSU
005 20210301220841.0
008 181216s2017||||ge |||||||||||||| ||eng||
020 _a9789941462467
040 _cGE_BSU
041 _aeng
_heng
080 _a811.111:621.3(075.8) T-34
100 _aTenieshvili, A.
_910284
245 _aPractical course of english for marine electrical engineers :
_bინგლისური ენის პრაქტიკული კურსი საზღვაო ინჟინერ-ელექტრომექანიკოსებისთის /
264 _aBatumi :
_bBatumi Shota Rustaveli State University,
_c2017.
300 _a323 p. 30cm.
300 _eBibl.; p. 318-323
521 _bBibl. : p. 318-323
541 _h19 Gel.28T.
653 _aPractical course of english for marine electrical engineers
653 _aინგლისური ენა
653 _aინგლისური ენის პრაქტიკული კურსი საზღვაო ინჟინერ-ელექტრომექანიკოსებისთის
710 _aBatumi state maritime Akademy
_910285
942 _cBK
_2udc